Viena y Versalles: las cortes de los rivales dinásticos europeos entre 1550 y 1780
Zapisane w:
| 1. autor: | |
|---|---|
| Format: | Książka |
| Język: | hiszpański |
| Wydane: |
Madrid
Machado Grupo de Distribución
2009
|
| Seria: | Papeles del Tiempo, 16
|
| Hasła przedmiotowe: | |
| Etykiety: |
Dodaj etykietę
Nie ma etykietki, Dołącz pierwszą etykiete!
|
MARC
| LEADER | 00000cam a2200000 a 4500 | ||
|---|---|---|---|
| 001 | UCE5830 | ||
| 003 | CL-VaPUC | ||
| 008 | 150312e20090000sp |||||||||||||||||spa|d | ||
| 020 | |a 9788477742524 | ||
| 082 | 0 | 4 | |a 940.2 |b DUI |2 21 |
| 100 | 0 | |a Duindam, Jeroen |e author |9 578493 | |
| 245 | 1 | 0 | |a Viena y Versalles: las cortes de los rivales dinásticos europeos entre 1550 y 1780 |
| 300 | |a 496 p | ||
| 942 | |c BK | ||
| 945 | |d 20150312 12:37:00 |a cmena | ||
| 260 | |a Madrid |b Machado Grupo de Distribución |c 2009 | ||
| 650 | 0 | |a Historia de Europa Siglo 16 |9 346729 | |
| 650 | 7 | |a HISTORIA DE EUROPA SIGLO 17 |2 CL-VaPUC |9 379390 | |
| 650 | 7 | |a HISTORIA DE EUROPA SIGLO 18 |2 CL-VaPUC |9 317250 | |
| 650 | 0 | |a Monarquía |9 255259 | |
| 650 | 7 | |a MONARQUIA FRANCESA |2 CL-VaPUC |9 434624 | |
| 650 | 7 | |a MONARQUIA SIGLOS 16-18 |2 CL-VaPUC |9 319511 | |
| 583 | |a last modification |c 20150312 12:37:00 |k Rodrigo Vera | ||
| 490 | 0 | |a Papeles del Tiempo, 16 | |
| 999 | |c 358403 |d 358401 | ||
| 952 | |0 0 |1 0 |3 erb |4 0 |6 940_200000000000000_DUI_2009 |7 0 |8 A |9 467084 |a BIBHIS |b BIBHIS |i 5140307 |o 940.2 DUI 2009 |p 5140307 |r 2025-01-20 |w 2019-11-23 |y BK |z Catalogado en:20150312 |k HIS | ||